000 00735nam a2200217 i 4500
001 92772
003 ES-MaACL
005 20230906181045.0
007 t|
008 050505s1972 pr ||||1| spa d
080 _a929 Malaret, Augusto
080 _a811.134.2'282(7/8)
100 1 _aLloréns, Washington.
_972885
245 1 0 _aAugusto Malaret
_b: crítica a la crítica /
_cpor Washington Lloréns.
260 _aSan Juan de Puerto Rico :
_bAcademia Puertorriqueña de la Lengua Española,
_c[1972]
300 _a48 p. ;
_c22 cm.
600 1 4 _aMalaret, Augusto.
_975692
650 1 4 _aLengua española-
_xAmericanismos.
_914120
710 2 _aAcademia Puertorriqueña de la Lengua.
_91219
852 _aES-MaACL
_j2188-F-4
_bR.135908
999 _c92772
_d92772